| 000 | 00881 a2200205 4500 | ||
|---|---|---|---|
| 003 | Nust | ||
| 005 | 20170207154052.0 | ||
| 010 | _a 2007943573 | ||
| 020 | _a0387738568 (hardcover : alk. paper) | ||
| 020 | _a9780387738567 (hardcover : alk. paper) | ||
| 040 | _cNust | ||
| 245 | 0 | 0 |
_aImage-guided interventions (E-BOOK) _btechnology and applications / _c[edited by] Terry Peters, Kevin Cleary. |
| 260 |
_aNew York : _bSpringer, _c2008. |
||
| 300 | _ap. cm. | ||
| 650 | _aTelecommunications engineering - (E-BOOK) | ||
| 651 | _aImage-guided interventions (E-BOOK) | ||
| 856 | 4 | 2 |
_3Contributor biographical information _uhttp://www.loc.gov/catdir/enhancements/fy0825/2007943573-b.html |
| 856 | 4 | 2 |
_3Publisher description _uhttp://www.loc.gov/catdir/enhancements/fy0825/2007943573-d.html |
| 856 | 4 | 2 |
_3Table of contents only _uhttp://www.loc.gov/catdir/enhancements/fy0825/2007943573-t.html |
| 942 |
_2ddc _cBK |
||
| 999 |
_c193140 _d193140 |
||